Villes côtières en Normandie (mort subite) - Statistiques

Statistiques générales
  • Ce quiz a été pris 116 fois
  • Le résultat moyen est 7 sur 11
Answers on the Grid
Answers color-coded by a green-red scale on the quiz's grid according to % correct below.
Alençon
Avranches
Bayeux
Cabourg
Caen
Cherbourg-en-Cotentin
Deauville
Dieppe
Étretat
Fécamp
Granville
Le Havre
Le Tréport
Lisieux
Ouistreham
Rouen
Saint-Lô
Saint-Valéry-en-Caux
Sainte-Mère-Église
Vire Normandie
 
Statistiques - réponses
Réponse % Correct
Le Havre
84%
Étretat
81%
Cherbourg-en-Cotentin
78%
Deauville
74%
Dieppe
74%
Cabourg
73%
Ouistreham
64%
Fécamp
63%
Granville
58%
Le Tréport
58%
Saint-Valéry-en-Caux
39%
Aucun quiz correspondant
Distribution des résultats
% des personnes avec chaque résultat
Percentile par nombre de réponses
Votre historique - résultats
Vous n’avez pas pris ce quiz